| 000 | 01095nam a2200277 i 4500 | ||
|---|---|---|---|
| 001 | bgj | ||
| 003 | BPK | ||
| 005 | 20210317122525.0 | ||
| 008 | 990101s1995 uk a f 001 0 eng d | ||
| 020 | _a0521422353 (pbk) | ||
| 040 | _cBPK | ||
| 100 | 1 | _aVale, David. | |
| 245 | 1 | 0 |
_aTeaching Children English : _ba training course for teachers of English to children / _cDavid Vale with Anne Feunteun. |
| 260 |
_aCambridge : _bCambridge University Press, _c1995. |
||
| 300 |
_aVI, 280 s. : _bil. ; _c23 cm. |
||
| 490 | 1 | _aCambridge Teacher Training and Development | |
| 504 | _aBibliography s. 274-275. Indeks. | ||
| 650 | 9 |
_aEnglish language _xstudy and teaching _xforeign speakers. |
|
| 650 | 9 |
_aChildren _xEducation _xLanguage art |
|
| 650 | 9 |
_aLanguage teachers _xTraining of |
|
| 700 | 1 | _aFeunteun, Anne. | |
| 710 | 2 | _aCambridge University Press | |
| 830 | 0 | _aCambridge Teacher Training and Development | |
| 856 |
_uhttp://koha.tu.koszalin.pl/cgi-bin/koha/opac-detail.pl?biblionumber=48189 _yKatalog online BPK |
||
| 942 |
_cKS _2UKD |
||
| 999 |
_c48189 _d48189 |
||